[Event "World Rapid 2015"]
[Site "Berlin GER"]
[Date "2015.10.10"]
[Round "3.36"]
[White "Almasi, Zoltan"]
[Black "Bluebaum, Matthias"]
[Result "1/2-1/2"]
[WhiteElo "2689"]
[BlackElo "2588"]
[PlyCount "102"]
[EventDate "2015.10.10"]
[EventType "rapid"]

1. e4 e6 2. d4 d5 3. Nc3 Nf6 4. e5 Nfd7 5. f4 c5 6. Nf3 Nc6 7. Be3 Be7 8. Qd2
O-O 9. dxc5 Nxc5 10. O-O-O a6 11. Qf2 b6 12. Nd4 Bb7 13. Nxc6 Bxc6 14. Bd4 Qc7
15. h4 Rab8 16. Rh3 Ba8 17. g4 f6 18. Re3 b5 19. Kb1 b4 20. Ne2 Ne4 21. Qh2
Rfc8 22. Nc1 Bc5 23. exf6 Nxf6 24. Rxe6 Nxg4 25. Qe2 Bxd4 26. Rxd4 Nf6 27. Bh3
Re8 28. Qxa6 Ne4 29. Rxe8+ Rxe8 30. Be6+ Kh8 31. f5 Qe5 32. Qa4 Rb8 33. Rxb4
Rf8 34. Rd4 Bc6 35. Rxe4 Qc7 36. Qa3 Ra8 37. Qc5 dxe4 38. b4 Qb7 39. Ne2 e3 40.
c3 Be4+ 41. Kb2 Qa6 42. Qxe3 Qa3+ 43. Ka1 Rd8 44. Bb3 Bxf5 45. Nd4 Bg6 46. Ne6
Re8 47. Qd2 Bf7 48. Nc7 Bxb3 49. Nxe8 Bxa2 50. Qxa2 Qc1+ 51. Qb1 Qa3+ 1/2-1/2

[Event "World Rapid 2015"]
[Site "Berlin GER"]
[Date "2015.10.10"]
[Round "3.37"]
[White "Moiseenko, Alexander"]
[Black "Hjartarson, Johann"]
[Result "1-0"]
[WhiteElo "2692"]
[BlackElo "2529"]
[PlyCount "163"]
[EventDate "2015.10.10"]
[EventType "rapid"]

1. d4 Nf6 2. c4 g6 3. Nc3 Bg7 4. e4 d6 5. Bd3 O-O 6. Nge2 c5 7. d5 e6 8. Bg5
exd5 9. exd5 h6 10. Bh4 Re8 11. O-O Nbd7 12. f4 a6 13. a4 Rb8 14. h3 Qc7 15.
Qd2 Nf8 16. Bxf6 Bxf6 17. f5 g5 18. Ne4 Qe7 19. Rae1 Nh7 20. N2g3 Be5 21. f6
Qf8 22. Nh5 Bd7 23. Qc2 Kh8 24. a5 b5 25. axb6 Rxb6 26. b3 Qg8 27. Kh1 Bd4 28.
Qd1 Re5 29. Nd2 g4 30. Rxe5 Bxe5 31. h4 g3 32. Bf5 Bxf5 33. Rxf5 Qg6 34. Qf3 a5
35. Rxe5 dxe5 36. Nxg3 Nxf6 37. Nde4 Nxe4 38. Nxe4 f5 39. Nxc5 Rb8 40. Nd7 Re8
41. c5 f4 42. c6 Qf5 43. Nb6 e4 44. Qc3+ Kh7 45. c7 Qg4 46. c8=Q Rxc8 47. Nxc8
f3 48. Qc7+ Kh8 49. Qe5+ Kh7 50. Qe7+ Kh8 51. Qf8+ Kh7 52. Qf7+ Kh8 53. Qf6+
Kh7 54. gxf3 exf3 55. Qf7+ Kh8 56. Qf6+ Kh7 57. Qe7+ Kh8 58. Qd8+ Kh7 59. Qc7+
Kh8 60. Qc3+ Kh7 61. Qc2+ Kh8 62. Qf2 Qxc8 63. Qxf3 Qc2 64. h5 Qd2 65. Kg1 Kh7
66. Kf1 Qc1+ 67. Kf2 Qd2+ 68. Kg3 Kh8 69. Qf8+ Kh7 70. Qf7+ Kh8 71. Qf8+ Kh7
72. Qf5+ Kh8 73. Qe5+ Kh7 74. Kg4 Qd1+ 75. Kf5 Qxh5+ 76. Kf6 Qh4+ 77. Kf7 Qg4
78. d6 h5 79. Ke7 Qh4+ 80. Ke8 Qg4 81. d7 Qg6+ 82. Ke7 1-0

[Event "World Rapid 2015"]
[Site "Berlin GER"]
[Date "2015.10.10"]
[Round "3.38"]
[White "Shchekachev, Andrei"]
[Black "Onischuk, Vladimir"]
[Result "0-1"]
[WhiteElo "2531"]
[BlackElo "2612"]
[PlyCount "84"]
[EventDate "2015.10.10"]
[EventType "rapid"]

1. Nf3 g6 2. e4 d6 3. d4 Nf6 4. Bd3 Bg7 5. O-O O-O 6. Re1 Nbd7 7. e5 dxe5 8.
dxe5 Ng4 9. Bf4 Nc5 10. h3 Nh6 11. Bf1 Qxd1 12. Rxd1 Bf5 13. Nc3 Rfd8 14. Nd5
Bxc2 15. Nxe7+ Kf8 16. Rxd8+ Rxd8 17. Bg5 Ne6 18. Nxg6+ Bxg6 19. Bxd8 Nxd8 20.
Rd1 Ke7 21. Re1 Ne6 22. Nh4 Nf5 23. Nxg6+ hxg6 24. g3 g5 25. Kg2 Nfd4 26. Bd3
Nc6 27. Be4 Nxe5 28. Bxb7 Nd3 29. Re4 Nxb2 30. Bd5 c5 31. h4 gxh4 32. Rxh4 Kd6
33. Bb3 Bd4 34. Rh7 c4 35. Bc2 Ke7 36. Kf1 c3 37. Ke2 Bf6 38. Bb3 Nd4+ 39. Ke3
Nxb3 40. axb3 Nd1+ 41. Ke2 Nxf2 42. Rh2 Bg5 0-1

[Event "World Rapid 2015"]
[Site "Berlin GER"]
[Date "2015.10.10"]
[Round "3.39"]
[White "Kovalenko, Igor"]
[Black "Piorun, Kacper"]
[Result "1-0"]
[WhiteElo "2700"]
[BlackElo "2609"]
[PlyCount "81"]
[EventDate "2015.10.10"]
[EventType "rapid"]

1. c4 e5 2. g3 Nc6 3. Bg2 g6 4. Nc3 Bg7 5. Nf3 f5 6. O-O Nf6 7. Rb1 O-O 8. b4
d6 9. b5 Ne7 10. Qb3 h6 11. c5+ Kh8 12. cxd6 cxd6 13. Ba3 g5 14. d3 Ng6 15. Nd2
Ne8 16. Qb4 Rf7 17. Nc4 a5 18. Qa4 Be6 19. Nd5 g4 20. b6 Bd7 21. Qd1 Bc6 22.
Qd2 f4 23. Be4 Qg5 24. Kh1 Ne7 25. Nxe7 Bxe4+ 26. dxe4 Rxe7 27. Rb5 Rf7 28. Bc1
Qg6 29. Qd3 a4 30. gxf4 exf4 31. Rf5 Rxf5 32. exf5 Qg5 33. Qe4 d5 34. Qxd5 g3
35. fxg3 Nf6 36. Qxb7 Rf8 37. Nd6 Qh5 38. Bxf4 Ng4 39. Qg2 Bd4 40. b7 Be3 41.
h4 1-0

[Event "World Rapid 2015"]
[Site "Berlin GER"]
[Date "2015.10.10"]
[Round "3.40"]
[White "Akopian, Vladimir"]
[Black "Papin, Vasily"]
[Result "1-0"]
[WhiteElo "2648"]
[BlackElo "2502"]
[PlyCount "45"]
[EventDate "2015.10.10"]
[EventType "rapid"]

1. Nf3 c5 2. e4 e6 3. b3 Nf6 4. e5 Nd5 5. Bb2 d6 6. c4 Ne7 7. exd6 Qxd6 8. Nc3
Nf5 9. g4 Nd4 10. Nxd4 Qxd4 11. Bg2 Nc6 12. Bxc6+ bxc6 13. Qf3 Qd7 14. O-O-O
Be7 15. Ne4 e5 16. Bxe5 f6 17. Bxf6 O-O 18. g5 gxf6 19. gxf6 Bd8 20. Rhg1+ Kh8
21. Qg3 Bxf6 22. Nxf6 Qf7 23. Nh5 1-0

[Event "World Rapid 2015"]
[Site "Berlin GER"]
[Date "2015.10.10"]
[Round "3.41"]
[White "Naumann, Alexander"]
[Black "Fedoseev, Vladimir3"]
[Result "0-1"]
[WhiteElo "2545"]
[BlackElo "2659"]
[PlyCount "62"]
[EventDate "2015.10.10"]
[EventType "rapid"]

1. d4 Nf6 2. c4 g6 3. Nc3 Bg7 4. e4 d6 5. f3 O-O 6. Nge2 a6 7. Be3 c6 8. c5
Nbd7 9. cxd6 exd6 10. Nf4 b5 11. Be2 Bb7 12. O-O c5 13. Qd2 Rc8 14. Rfd1 Re8
15. Bf1 Qe7 16. dxc5 dxc5 17. Qf2 c4 18. Rd2 b4 19. Ncd5 Qf8 20. Rc1 g5 21.
Nxf6+ Nxf6 22. Ne2 Bxe4 23. Bxg5 Bg6 24. Nf4 c3 25. bxc3 bxc3 26. Rdd1 c2 27.
Rd4 Qc5 28. Bxf6 Bxf6 29. Rc4 Qxf2+ 30. Kxf2 Rxc4 31. Bxc4 Bd4+ 0-1

[Event "World Rapid 2015"]
[Site "Berlin GER"]
[Date "2015.10.10"]
[Round "3.42"]
[White "Handke, Florian"]
[Black "Vitiugov, Nikita"]
[Result "1/2-1/2"]
[WhiteElo "2531"]
[BlackElo "2725"]
[PlyCount "94"]
[EventDate "2015.10.10"]
[EventType "rapid"]

1. d4 Nf6 2. Nf3 e6 3. c4 d5 4. g3 Bb4+ 5. Bd2 Bd6 6. Bg2 Nbd7 7. O-O O-O 8.
Qc1 c6 9. Rd1 Qe7 10. Bf4 Bxf4 11. Qxf4 dxc4 12. e4 b5 13. Nc3 Bb7 14. h4 Nb6
15. Ne5 Rfd8 16. a4 b4 17. Ne2 a5 18. Rac1 Nfd7 19. Nxc4 Nxc4 20. Rxc4 Nb6 21.
Rcc1 Nxa4 22. b3 Nb6 23. Qe3 Nd7 24. e5 Rdc8 25. Nf4 Nb6 26. Nd3 Nd5 27. Bxd5
cxd5 28. Nc5 Bc6 29. Ra1 Bb5 30. Rd2 Ra7 31. Kg2 h6 32. Rda2 Rca8 33. Rb2 Kh8
34. Re1 Bc6 35. Rc1 Bb5 36. Re1 Qd8 37. Rc1 Qg8 38. g4 Qd8 39. g5 h5 40. Qf3 g6
41. Qe3 Kg8 42. Rh1 Rc8 43. Rc1 Rc6 44. Rbc2 Rac7 45. Kh2 Qe7 46. Kg2 Qd8 47.
Kh2 Qe7 1/2-1/2

[Event "World Rapid 2015"]
[Site "Berlin GER"]
[Date "2015.10.10"]
[Round "3.43"]
[White "Volokitin, Andrei"]
[Black "Kravtsiv, Martyn"]
[Result "1/2-1/2"]
[WhiteElo "2639"]
[BlackElo "2621"]
[PlyCount "64"]
[EventDate "2015.10.10"]
[EventType "rapid"]

1. d4 Nf6 2. c4 e6 3. g3 d5 4. Bg2 Be7 5. Nf3 O-O 6. O-O dxc4 7. Ne5 Nc6 8.
Bxc6 bxc6 9. Nxc6 Qe8 10. Nxe7+ Qxe7 11. Na3 Rd8 12. Qc2 Ba6 13. Qa4 Rd6 14.
Bf4 Qd7 15. Qa5 Rc6 16. Nc2 Nd5 17. Nb4 Nxb4 18. Qxb4 c3 19. Rfe1 Rc4 20. Qa5
cxb2 21. Rab1 Ra4 22. Qc3 Rxa2 23. Rxb2 Rxb2 24. Qxb2 Bb5 25. Bxc7 Bxe2 26.
Qxe2 Qxc7 27. d5 Re8 28. Qb5 Rb8 29. dxe6 fxe6 30. Qa4 Qf7 31. Ra1 h6 32. Qxa7
Rb1+ 1/2-1/2

[Event "World Rapid 2015"]
[Site "Berlin GER"]
[Date "2015.10.10"]
[Round "3.44"]
[White "Ehlvest, Jaan"]
[Black "Bartel, Mateusz"]
[Result "1/2-1/2"]
[WhiteElo "2535"]
[BlackElo "2622"]
[PlyCount "90"]
[EventDate "2015.10.10"]
[EventType "rapid"]

1. Nf3 d5 2. c4 c6 3. e3 Nf6 4. Nc3 e6 5. d4 a6 6. Be2 dxc4 7. a4 c5 8. Bxc4
Nc6 9. O-O Be7 10. Qe2 cxd4 11. Rd1 O-O 12. exd4 Nb4 13. Ne5 Nfd5 14. Qf3 b6
15. Nxd5 exd5 16. Bb3 Be6 17. Bd2 Rc8 18. Rac1 Rxc1 19. Rxc1 a5 20. h3 Bg5 21.
Bxb4 Bxc1 22. Bxf8 Kxf8 23. Qc3 Bf4 24. Qc6 Bxe5 25. dxe5 d4 26. Bxe6 fxe6 27.
Kf1 Kf7 28. Qf3+ Ke7 29. Ke2 Qc7 30. Qe4 Qc4+ 31. Kd2 Qb4+ 32. Kc1 Qxa4 33.
Qb7+ Kf8 34. Qxb6 Qc4+ 35. Kd2 Qd5 36. Qb8+ Kf7 37. f3 Qc4 38. Qb7+ Kf8 39.
Qa8+ Kf7 40. Qxa5 Qf1 41. Qa7+ Kg6 42. Qxd4 Qxg2+ 43. Ke3 Qg1+ 44. Kd3 Qf1+ 45.
Ke3 Qg1+ 1/2-1/2

[Event "World Rapid 2015"]
[Site "Berlin GER"]
[Date "2015.10.10"]
[Round "3.45"]
[White "Richter, Michael"]
[Black "Onischuk, Alexander"]
[Result "0-1"]
[WhiteElo "2517"]
[BlackElo "2662"]
[PlyCount "104"]
[EventDate "2015.10.10"]
[EventType "rapid"]

1. d4 Nf6 2. c4 e6 3. Nc3 Bb4 4. f3 c5 5. d5 b5 6. e4 O-O 7. Nge2 bxc4 8. Nf4
e5 9. Nfe2 d6 10. Ng3 Nbd7 11. Bxc4 Nb6 12. Be2 c4 13. O-O Bc5+ 14. Kh1 Bd7 15.
Bg5 h6 16. Bd2 Rc8 17. Rc1 a5 18. Qe1 Bd4 19. Nd1 a4 20. a3 Ne8 21. Rc2 f5 22.
Nxf5 Bxf5 23. exf5 Nf6 24. Ba5 Qd7 25. Bxb6 Bxb6 26. Qb4 Bc5 27. Qxc4 Bxa3 28.
Qd3 Rxc2 29. Qxc2 Rc8 30. Nc3 Bb4 31. Qxa4 Qxa4 32. Nxa4 Nxd5 33. Bb5 Ne3 34.
Ra1 Kf7 35. Nb6 Rc7 36. b3 Kf6 37. Bc4 Kxf5 38. Nd5 Nxd5 39. Bxd5 Kf4 40. g3+
Ke3 41. Kg2 Rc2+ 42. Kh3 Rd2 43. Bc6 d5 44. Ra4 Bc3 45. Ra7 d4 46. Rxg7 d3 47.
Rd7 Rb2 48. f4 exf4 49. gxf4 d2 50. Kg4 Rb1 51. Re7+ Kf2 52. Bf3 Rg1+ 0-1

[Event "World Rapid 2015"]
[Site "Berlin GER"]
[Date "2015.10.10"]
[Round "3.46"]
[White "Gajewski, Grzegorz"]
[Black "Shabalov, Alexander"]
[Result "1/2-1/2"]
[WhiteElo "2654"]
[BlackElo "2522"]
[PlyCount "131"]
[EventDate "2015.10.10"]
[EventType "rapid"]

1. c4 Nf6 2. Nc3 b6 3. d4 Bb7 4. Qc2 d5 5. cxd5 Nxd5 6. e4 Nxc3 7. bxc3 e5 8.
Bb5+ c6 9. Bc4 b5 10. Bb3 exd4 11. cxd4 Bb4+ 12. Bd2 Qxd4 13. Rd1 O-O 14. Nf3
Qc5 15. Qxc5 Bxc5 16. Ne5 Bd4 17. Nxf7 Rxf7 18. Be3 Bf6 19. e5 Be7 20. Ke2 Kf8
21. f4 c5 22. Bxf7 Kxf7 23. f5 Nc6 24. Rd7 Bc8 25. Rc7 Nxe5 26. Bxc5 Bd7 27.
Bd4 Bd6 28. Rb7 Ke8 29. Re1 Kd8 30. Bxe5 Bc6 31. Bxd6 Bxb7 32. g4 Kd7 33. Rd1
Re8+ 34. Kf2 Kc6 35. Bf4 Re7 36. Rd6+ Kc5 37. Rd8 Kc4 38. Be3 a5 39. Bd4 Bd5
40. Bb2 b4 41. g5 Rf7 42. f6 gxf6 43. gxf6 a4 44. Be5 b3 45. axb3+ axb3 46. Ke3
Rb7 47. Rc8+ Kb4 48. Bc3+ Kb5 49. Kd4 Bf7 50. Rc5+ Ka6 51. Rc6+ Kb5 52. Rd6 Rc7
53. Rd8 Kc6 54. Ke5 Rd7 55. Rc8+ Rc7 56. Rf8 Bc4 57. h4 Rd7 58. Rc8+ Rc7 59.
Rd8 Rd7 60. Rc8+ Rc7 61. Re8 Rd7 62. Rc8+ Rc7 63. Re8 Rd7 64. Re6+ Kc5 65. Re7
Kc6 66. Rxd7 1/2-1/2

[Event "World Rapid 2015"]
[Site "Berlin GER"]
[Date "2015.10.10"]
[Round "3.47"]
[White "Bezold, Michael"]
[Black "Zvjaginsev, Vadim"]
[Result "1/2-1/2"]
[WhiteElo "2509"]
[BlackElo "2660"]
[PlyCount "64"]
[EventDate "2015.10.10"]
[EventType "rapid"]

1. c4 b6 2. Nc3 Bb7 3. d4 e6 4. a3 Nf6 5. d5 exd5 6. cxd5 c6 7. dxc6 dxc6 8.
Qxd8+ Kxd8 9. Bf4 Nbd7 10. h3 g6 11. Nf3 Bg7 12. e3 Ke7 13. O-O-O Nd5 14. Nxd5+
cxd5 15. Bb5 Rhc8+ 16. Kb1 Nc5 17. Be5 Bxe5 18. Nxe5 Ne4 19. Rhf1 Rc7 20. Nf3
Rac8 21. Nd4 a6 22. Bd3 b5 23. Bxe4 dxe4 24. Rc1 Bd5 25. b3 Kd6 26. Kb2 h5 27.
h4 Rxc1 28. Rxc1 Rxc1 29. Kxc1 Kc5 30. b4+ Kd6 31. Kd2 Bc4 32. g3 Kd5 1/2-1/2

[Event "World Rapid 2015"]
[Site "Berlin GER"]
[Date "2015.10.10"]
[Round "3.48"]
[White "Svane, Rasmus"]
[Black "Ivanisevic, Ivan"]
[Result "1/2-1/2"]
[WhiteElo "2543"]
[BlackElo "2653"]
[PlyCount "110"]
[EventDate "2015.10.10"]
[EventType "rapid"]

1. d4 Nf6 2. c4 e6 3. Nc3 Bb4 4. Qc2 Nc6 5. Nf3 d6 6. Bd2 e5 7. d5 Bxc3 8. Bxc3
Ne7 9. e4 O-O 10. g3 Ne8 11. Bg2 f5 12. exf5 Bxf5 13. Qe2 h6 14. Nh4 Bd7 15.
O-O g5 16. Nf3 Nf6 17. Nd2 Bg4 18. Qd3 Bf5 19. Qe3 Ng6 20. c5 Qd7 21. cxd6 cxd6
22. Qe2 Rf7 23. Nc4 b5 24. Ne3 Bh3 25. Qd3 Kh7 26. Bxh3 Qxh3 27. Qf5 Qxf5 28.
Nxf5 Ne4 29. Ne3 a5 30. Rac1 b4 31. Be1 h5 32. f3 Nf6 33. Bd2 Raf8 34. Nc4 Ne8
35. Bxg5 Rxf3 36. Nxa5 h4 37. gxh4 e4 38. Nc4 Nf4 39. Rxf3 exf3 40. Bxf4 Rxf4
41. Kf2 Rxh4 42. Kg3 Rh5 43. Nd2 f2 44. Nf3 Rxd5 45. Kxf2 Ra5 46. Rc4 Rxa2 47.
Rxb4 Nf6 48. Kg3 Kg6 49. h4 Ra1 50. Rb6 Kf5 51. Kg2 Rb1 52. Rb5+ d5 53. Rb6 Nh5
54. Kf2 Nf4 55. Rb8 Rxb2+ 1/2-1/2

[Event "World Rapid 2015"]
[Site "Berlin GER"]
[Date "2015.10.10"]
[Round "3.50"]
[White "Sasikiran, Krishnan"]
[Black "Przybylski, Wojciech"]
[Result "1/2-1/2"]
[WhiteElo "2639"]
[BlackElo "2354"]
[PlyCount "86"]
[EventDate "2015.10.10"]
[EventType "rapid"]

1. d4 d5 2. c4 c6 3. Nf3 Nf6 4. Qc2 dxc4 5. Qxc4 Bf5 6. g3 e6 7. Bg2 Be7 8. O-O
O-O 9. e3 Nbd7 10. Qe2 h6 11. Rd1 Re8 12. Nc3 Ne4 13. Ne1 Ndf6 14. f3 Nxc3 15.
bxc3 Bg6 16. Nd3 Nd7 17. e4 Qc7 18. Bf4 Bd6 19. Bxd6 Qxd6 20. Rab1 Qc7 21. f4
Rac8 22. h4 c5 23. Ne5 Nxe5 24. dxe5 Red8 25. h5 Bh7 26. Rb2 Rxd1+ 27. Qxd1 Rd8
28. Rd2 Rxd2 29. Qxd2 f6 30. Qd6 Qxd6 31. exd6 Kf7 32. e5 fxe5 33. fxe5 b5 34.
Bf1 b4 35. cxb4 cxb4 36. Kf2 a5 37. Ke3 a4 38. Kd4 Bc2 39. Kc4 b3 40. axb3 a3
41. Kc3 a2 42. Kb2 Bxb3 43. Bd3 Ke8 1/2-1/2

[Event "World Rapid 2015"]
[Site "Berlin GER"]
[Date "2015.10.10"]
[Round "3.51"]
[White "Belov, Vladimir"]
[Black "Valdes Romero, Leonardo"]
[Result "1-0"]
[WhiteElo "2614"]
[BlackElo "2362"]
[PlyCount "89"]
[EventDate "2015.10.10"]
[EventType "rapid"]

1. d4 Nf6 2. c4 g6 3. Nc3 Bg7 4. e4 d6 5. Nf3 O-O 6. Be2 e5 7. O-O Nc6 8. d5
Ne7 9. Ne1 Nd7 10. f3 f5 11. g4 Nf6 12. Nd3 c6 13. Be3 b5 14. Nb4 bxc4 15. Nxc6
Nxc6 16. dxc6 Be6 17. Qa4 fxg4 18. Bxc4 Bxc4 19. Qxc4+ Kh8 20. Kh1 gxf3 21.
Rxf3 Ng4 22. Rxf8+ Qxf8 23. Rf1 Qe7 24. Bg1 Nf6 25. b4 Bh6 26. Nd5 Nxd5 27.
Qxd5 Rf8 28. Rxf8+ Qxf8 29. Qd3 Qf7 30. a4 Bg5 31. Qg3 Bd8 32. Qf2 Qe8 33. b5
g5 34. Qf5 Kg7 35. Bxa7 Qh5 36. Qd7+ Kh6 37. Qxd6+ Kg7 38. Qd3 Qh4 39. Bg1 Qe1
40. Kg2 Ba5 41. b6 g4 42. c7 Qc1 43. Qd7+ Kh6 44. c8=Q Qb2+ 45. Bf2 1-0

[Event "World Rapid 2015"]
[Site "Berlin GER"]
[Date "2015.10.10"]
[Round "3.52"]
[White "Ladva, Ottomar"]
[Black "Swiercz, Dariusz"]
[Result "0-1"]
[WhiteElo "2423"]
[BlackElo "2620"]
[PlyCount "66"]
[EventDate "2015.10.10"]
[EventType "rapid"]

1. d4 Nf6 2. c4 e6 3. Nc3 Bb4 4. e3 O-O 5. Nge2 d5 6. a3 Be7 7. cxd5 exd5 8.
Nf4 c6 9. Bd3 Na6 10. O-O Nc7 11. Bd2 Ne6 12. Nxe6 Bxe6 13. b4 Bd6 14. f3 a5
15. Na4 Qc7 16. h3 axb4 17. axb4 Nh5 18. f4 Ng3 19. Re1 Bf5 20. Bxf5 Nxf5 21.
b5 cxb5 22. Nc3 Rxa1 23. Qxa1 Qc4 24. Qb1 Nxd4 25. Nxd5 Qxd5 26. exd4 Qxd4+ 27.
Be3 Qc3 28. Kf2 b4 29. Rd1 Bc5 30. Qe4 b6 31. Rd3 Qc2+ 32. Kf3 b3 33. Bxc5 bxc5
0-1

[Event "World Rapid 2015"]
[Site "Berlin GER"]
[Date "2015.10.10"]
[Round "3.53"]
[White "Wagner, Dennis"]
[Black "Bindrich, Falko"]
[Result "0-1"]
[WhiteElo "2575"]
[BlackElo "2594"]
[PlyCount "86"]
[EventDate "2015.10.10"]
[EventType "rapid"]

1. d4 Nf6 2. c4 e6 3. Nf3 d5 4. g3 Bb4+ 5. Nbd2 O-O 6. Bg2 b6 7. O-O Bb7 8. Ne5
Re8 9. a3 Bf8 10. cxd5 exd5 11. Ndc4 h6 12. Bf4 c6 13. Nd2 c5 14. dxc5 bxc5 15.
Nd3 Nbd7 16. Rc1 Qb6 17. b4 c4 18. Nb2 Rac8 19. Na4 Qa6 20. Nf3 Bc6 21. Nc3
Qxa3 22. b5 Ba8 23. Nd4 Nb6 24. Bh3 Nbd7 25. Nc6 a6 26. Nxd5 axb5 27. Nxf6+
Nxf6 28. Bxc8 Rxc8 29. Nd4 Qe7 30. Qc2 Qb7 31. f3 Bc5 32. e3 Nd5 33. Kg2 g5 34.
Nf5 gxf4 35. Nxh6+ Kg7 36. Nf5+ Kf8 37. exf4 Qd7 38. Rfe1 c3 39. Rcd1 b4 40.
Nh6 f6 41. Ng4 Nxf4+ 42. Kf1 Qb5+ 43. Re2 Qxe2+ 0-1

[Event "World Rapid 2015"]
[Site "Berlin GER"]
[Date "2015.10.10"]
[Round "3.55"]
[White "Borisek, Jure"]
[Black "Ben Artzi, Ido"]
[Result "1-0"]
[WhiteElo "2565"]
[BlackElo "2419"]
[PlyCount "83"]
[EventDate "2015.10.10"]
[EventType "rapid"]

1. e4 e5 2. Nf3 Nc6 3. Bb5 a6 4. Ba4 Nf6 5. O-O Be7 6. d3 b5 7. Bb3 d6 8. a4
Bd7 9. Bd2 b4 10. a5 O-O 11. Ba4 Rb8 12. Qe1 Nd4 13. Nxd4 exd4 14. Bxd7 Qxd7
15. Bxb4 d5 16. Bxe7 Qxe7 17. Nd2 dxe4 18. dxe4 Rxb2 19. e5 Nd7 20. Nf3 Rxc2
21. Nxd4 Rc4 22. Nf3 Re8 23. Qe2 Qc5 24. Rad1 Nf8 25. Nd2 Ra4 26. Qxa6 Rxa5 27.
Qd3 Ra3 28. Qc4 Qxe5 29. Nf3 Qe7 30. Rfe1 Ne6 31. Ne5 Qc5 32. Qg4 Ra2 33. Qf3
Ng5 34. Qg3 h6 35. h4 Ne6 36. Qf3 Rf8 37. Nd7 Qc4 38. Nxf8 Nxf8 39. Re8 Qxh4
40. g3 Qh3 41. Qe4 Qh5 42. Rxf8+ 1-0

[Event "World Rapid 2015"]
[Site "Berlin GER"]
[Date "2015.10.10"]
[Round "3.56"]
[White "Zepeda, Lorena"]
[Black "Maze, Sebastien"]
[Result "1/2-1/2"]
[WhiteElo "2106"]
[BlackElo "2582"]
[PlyCount "105"]
[EventDate "2015.10.10"]
[EventType "rapid"]

1. e4 c5 2. Nf3 Nc6 3. d4 cxd4 4. Nxd4 g6 5. c4 Bg7 6. Be3 Nf6 7. Nc3 O-O 8.
Be2 d6 9. Qd2 Bd7 10. Nc2 Rc8 11. f3 a6 12. O-O Ne5 13. Na3 Be6 14. Nd5 Nfd7
15. Rac1 Nc6 16. Kh1 a5 17. Nb5 Nc5 18. b3 Re8 19. Rfd1 h5 20. Bf1 Ne5 21. Qf2
Bxd5 22. cxd5 Ned7 23. Rc2 Na6 24. Rxc8 Qxc8 25. Rc1 Ndc5 26. a3 Qd7 27. Qc2 h4
28. Bd2 a4 29. bxa4 Ra8 30. a5 Kh7 31. Qc4 Bh6 32. Bxh6 Kxh6 33. f4 Nc7 34.
Nxc7 Qxc7 35. e5 Rxa5 36. f5 dxe5 37. fxg6 fxg6 38. Qxh4+ Kg7 39. Qb4 b6 40. g3
Qd6 41. Qc4 Rxa3 42. Bg2 Ra4 43. Qb5 Ra5 44. Qe8 Qd7 45. Qb8 Qd6 46. Qe8 Nb3
47. Rf1 Ra1 48. Qf8+ Kh7 49. Qf7+ Kh6 50. Qf8+ Kh7 51. Qf7+ Kh6 52. Qf8+ Kh7
53. Qf7+ 1/2-1/2

[Event "World Rapid 2015"]
[Site "Berlin GER"]
[Date "2015.10.10"]
[Round "3.57"]
[White "Rublevsky, Sergei"]
[Black "Stern, Rene"]
[Result "1-0"]
[WhiteElo "2702"]
[BlackElo "2538"]
[PlyCount "71"]
[EventDate "2015.10.10"]
[EventType "rapid"]

1. e4 e5 2. Nf3 Nc6 3. d4 exd4 4. Nxd4 Nf6 5. Nxc6 bxc6 6. e5 Qe7 7. Qe2 Nd5 8.
c4 Ba6 9. b3 g6 10. g3 Bg7 11. Bb2 O-O 12. Bg2 Rae8 13. O-O Bxe5 14. Qxe5 Qxe5
15. Bxe5 Rxe5 16. cxd5 Bxf1 17. Kxf1 cxd5 18. Nc3 c6 19. Rd1 Rb8 20. Na4 Kf8
21. Nc5 Ke8 22. Rd4 a5 23. Bf3 Rb5 24. Nd3 Re7 25. Rh4 f6 26. Rf4 f5 27. h4 h5
28. Ra4 Kf7 29. Be2 Kf6 30. f3 Re8 31. Kf2 Re7 32. Ke1 Re8 33. Kd2 Re7 34. Nf4
Rc5 35. Ba6 d4 36. Rxd4 1-0

[Event "World Rapid 2015"]
[Site "Berlin GER"]
[Date "2015.10.10"]
[Round "3.58"]
[White "Kunin, Vitaly"]
[Black "Savchenko, Boris"]
[Result "1/2-1/2"]
[WhiteElo "2556"]
[BlackElo "2567"]
[PlyCount "90"]
[EventDate "2015.10.10"]
[EventType "rapid"]

1. d4 g6 2. g3 Bg7 3. Bg2 Nf6 4. Nf3 Nc6 5. d5 Nb4 6. c4 a5 7. Nc3 d6 8. O-O
O-O 9. h3 Nd7 10. e4 c6 11. Be3 Nc5 12. Qd2 f5 13. Bxc5 fxe4 14. Nxe4 dxc5 15.
Nxc5 cxd5 16. a3 Na6 17. Nxa6 Rxa6 18. cxd5 Bxh3 19. Bxh3 Rxf3 20. Rac1 Ra8 21.
Kg2 Rf6 22. Rc2 h5 23. Be6+ Kh7 24. Qe2 Qd6 25. Rh1 Raf8 26. Qe4 Kh6 27. f4 Qb6
28. b4 axb4 29. axb4 Qd6 30. f5 Rxf5 31. Bxf5 Rxf5 32. Re2 Be5 33. Rh3 Rg5 34.
Re3 Bf6 35. Rd3 Kg7 36. Rh1 Be5 37. Re1 Bf6 38. Qe6 Qxb4 39. d6 exd6 40. Rxd6
Qf4 41. Rd7+ Kh6 42. Rh7+ Kxh7 43. Qf7+ Kh6 44. Qf8+ Kh7 45. Qf7+ Kh6 1/2-1/2

[Event "World Rapid 2015"]
[Site "Berlin GER"]
[Date "2015.10.10"]
[Round "3.59"]
[White "Hausrath, Daniel"]
[Black "Van Wely, Loek"]
[Result "1/2-1/2"]
[WhiteElo "2503"]
[BlackElo "2632"]
[PlyCount "74"]
[EventDate "2015.10.10"]
[EventType "rapid"]

1. Nf3 Nf6 2. g3 d5 3. Bg2 Bf5 4. O-O e6 5. d3 h6 6. c4 c6 7. Be3 Nbd7 8. Qb3
Qc8 9. Rc1 Bd6 10. cxd5 exd5 11. Nc3 Qb8 12. Nd4 Bg6 13. Bh3 h5 14. Nf5 Bxf5
15. Bxf5 h4 16. Kg2 g6 17. Bh3 Kf8 18. Bd4 Be5 19. Bxe5 Nxe5 20. Qb4+ Kg7 21.
Qd4 hxg3 22. hxg3 Qe8 23. Rh1 Qe7 24. f4 Ned7 25. e4 dxe4 26. Nxe4 Nb6 27. Rae1
Rad8 28. Qc3 Nbd5 29. Ng5 Qc7 30. Qe5 Rhe8 31. Be6 Qxe5 32. fxe5 fxe6 33. exf6+
Kxf6 34. Ne4+ Kg7 35. Ng5 Kf6 36. Ne4+ Kg7 37. Ng5 Kf6 1/2-1/2

[Event "World Rapid 2015"]
[Site "Berlin GER"]
[Date "2015.10.10"]
[Round "3.60"]
[White "Ghaem Maghami, Ehsan"]
[Black "Godena, Michele"]
[Result "1/2-1/2"]
[WhiteElo "2596"]
[BlackElo "2513"]
[PlyCount "108"]
[EventDate "2015.10.10"]
[EventType "rapid"]

1. c4 e5 2. Nc3 Bb4 3. Nf3 Bxc3 4. bxc3 e4 5. Nd4 Nf6 6. d3 O-O 7. Bg5 Re8 8.
dxe4 Rxe4 9. g3 h6 10. Bf4 d6 11. Bg2 Re8 12. c5 Nh5 13. Be3 Rxe3 14. fxe3 dxc5
15. Nb3 Qg5 16. Qd5 Qxd5 17. Bxd5 Nf6 18. Bf3 Nbd7 19. O-O-O Rb8 20. h4 b6 21.
g4 g5 22. hxg5 hxg5 23. e4 Ba6 24. Nd2 Ne5 25. Rh2 Re8 26. Rg1 Nc4 27. Nf1 Nxe4
28. Rgh1 Nf6 29. Ng3 Nd6 30. Nh5 Nxh5 31. Rxh5 Re5 32. Rh8+ Kg7 33. Ra8 Bxe2
34. Bxe2 Rxe2 35. a4 Ra2 36. Rh5 Rxa4 37. Rxg5+ Kf6 38. Rgg8 Ra2 39. Kb1 Rg2
40. Kc1 a5 41. Rad8 a4 42. Ra8 b5 43. Ra5 Re2 44. c4 Nxc4 45. Rxb5 a3 46. Ra8
a2 47. Rxc5 Re1+ 48. Kc2 a1=Q 49. Rxa1 Rxa1 50. Rxc4 Kg5 51. Rxc7 Rf1 52. Kd3
Kxg4 53. Ke2 Rf4 54. Rc1 Re4+ 1/2-1/2

[Event "World Rapid 2015"]
[Site "Berlin GER"]
[Date "2015.10.10"]
[Round "3.61"]
[White "Polzin, Rainer"]
[Black "Huzman, Alexander"]
[Result "1/2-1/2"]
[WhiteElo "2416"]
[BlackElo "2580"]
[PlyCount "48"]
[EventDate "2015.10.10"]
[EventType "rapid"]

1. e4 c5 2. Nf3 d6 3. d4 cxd4 4. Nxd4 Nf6 5. Nc3 a6 6. h3 e5 7. Nde2 h5 8. Bg5
Nbd7 9. Nd5 b5 10. Nec3 Bb7 11. a4 b4 12. Bxf6 Nxf6 13. Nxf6+ gxf6 14. Nd5 Rc8
15. Nxb4 f5 16. c3 fxe4 17. Bxa6 Bxa6 18. Nxa6 Rg8 19. Qe2 Rxg2 20. Qxe4 Qg5
21. Qb7 Kd8 22. Kf1 Rxf2+ 23. Kxf2 Qd2+ 24. Kg1 Qe3+ 1/2-1/2

[Event "World Rapid 2015"]
[Site "Berlin GER"]
[Date "2015.10.10"]
[Round "3.62"]
[White "Guliyev, Namig"]
[Black "Munoz Pantoja, Miguel"]
[Result "1-0"]
[WhiteElo "2579"]
[BlackElo "2441"]
[PlyCount "53"]
[EventDate "2015.10.10"]
[EventType "rapid"]

1. e4 d5 2. exd5 Qxd5 3. Nc3 Qa5 4. d4 Nf6 5. Nf3 Bg4 6. h3 Bxf3 7. Qxf3 c6 8.
Bd2 Nbd7 9. g4 e6 10. g5 Nd5 11. Ne4 Qb6 12. O-O-O Qxd4 13. c4 Ne5 14. Qe2 Nb6
15. Bc3 Qxc4 16. Qc2 Qxa2 17. Bxe5 Qa1+ 18. Qb1 Qxb1+ 19. Kxb1 Nd5 20. h4 h6
21. Bh3 O-O-O 22. g6 f5 23. Nc3 Rg8 24. Nxd5 Rxd5 25. Rxd5 cxd5 26. Rc1+ Kd8
27. Rc7 1-0